Statistics for Countries with Largest Navies

Click here to take the quiz!

General Stats

  • This quiz has been taken 74 times
  • The average score is 14 of 20

Answer Stats

HintAnswer% Correct
777China
98%
603Russia
97%
180France
95%
490United States
95%
285India
92%
155Japan
89%
249Italy
83%
316Egypt
80%
234South Korea
80%
398Iran
79%
149Turkey
79%
282Indonesia
77%
492North Korea
77%
189Mexico
73%
292Thailand
68%
201Algeria
48%
187Myanmar
39%
453Colombia
38%
246Finland
24%
173Bolivia
6%

Score Distribution

Percentile by Number Answered

Percent of People with Each Score

Your Score History

You have not taken this quiz